00320nam a2200133Ia 4500008004100000100001800041245003800059250001200097260002800109300000900137650001600146942000700162999001700169190216s9999||||xx |||||||||||||| ||und|| aJohn B.Conway 0aFunctions Of One Complex Variable a2nd Ed. bNarosa Pubs Housec1973 a316p aMathematics cBK c31634d31634